00551nam a2200193 a 4500001001300000003000900013005001700022008004100039020002700080082001600107100001900123245007500142260002600217300000900243500003500252505003700287650001400324700001900338nice12345678IN_TiNIC20260116013824.0050524s1993 leia grp 000 0 eng  a9004473 c4486.4400a232.91bBEN aBenko, Stephen aVirgin Goddessb Studies in the Pagan and Christian Roots of Mariology aLeiden bBrill c1993 a293p aincludes index and biblioraphy2 aBibliographical Reference, Index aMariology1 aBenko, Stephen